[Event "POL-chT4 Kujawsko Pomorskie 0708"]
[Site "Poland"]
[Date "2008.04.06"]
[Round "11.17"]
[White "Dahm, Mikolaj"]
[Black "Przybylo, Sebastian"]
[Result "1-0"]
[WhiteElo "1966"]
[BlackElo "1902"]
[PlyCount "61"]
[EventDate "2007.11.04"]
[EventType "team-tourn"]
[EventRounds "11"]
[EventCountry "POL"]
[SourceTitle "EXT 2019"]
[Source "ChessBase"]
[SourceDate "2018.10.10"]
[SourceVersion "1"]
[SourceVersionDate "2018.10.10"]
[SourceQuality "1"]

1. d4 f5 2. c4 Nf6 3. Nc3 e6 4. Qc2 b6 5. Nf3 Bb7 6. Bg5 Bb4 7. Nd2 Nc6 8. e3 Be7 9. a3 Ng4 10. h3 Bxg5 11. hxg4 Ne7 12. f4 Ng6 13. fxg5 Qxg5 14. 0-0-0 Qxg4 15. Nb5 Kd8 16. d5 e5 17. d6 c5 18. Nc7 Rb8 19. Qa4 a5 20. Qb5 Bxg2 21. Bxg2 Qxg2 22. Rhg1 Qb7 23. Rdf1 Rf8 24. Rh1 h6 25. Rhg1 Rf6 26. Nd5 Rxd6 27. Rxf5 Ke8 28. Ne4 Re6 29. Rgf1 Qc6 30. Qxc6 dxc6 31. Nc7+ 1-0

[Event "KPZS-ch"]
[Site "Sepolno Kraj"]
[Date "2006.06.27"]
[Round "5"]
[White "Tarczykowski, Janusz"]
[Black "Dahm, Mikolaj"]
[Result "1-0"]
[WhiteElo "1945"]
[BlackElo "2030"]
[PlyCount "81"]
[EventDate "2006.06.24"]
[EventType "swiss"]
[EventRounds "9"]
[EventCountry "POL"]
[SourceTitle "EXT 2007"]
[Source "ChessBase"]
[SourceDate "2006.11.23"]
[SourceVersion "1"]
[SourceVersionDate "2006.11.23"]
[SourceQuality "1"]

1. d4 d5 2. c4 c6 3. Nc3 e6 4. Nf3 Bb4 5. Nd2 Nf6 6. e3 0-0 7. Bd3 Nbd7 8. Qb3 Bd6 9. 0-0 b6 10. cxd5 exd5 11. e4 dxe4 12. Ndxe4 Nxe4 13. Nxe4 Nf6 14. Qc2 Bb7 15. Bg5 Be7 16. Nxf6+ Bxf6 17. Bxf6 Qxf6 18. Bxh7+ Kh8 19. Be4 Rad8 20. Rad1 Rfe8 21. Qd3 Bc8 22. Qf3 Qg5 23. Bxc6 Bg4 24. Qg3 Re6 25. f4 Qg6 26. Qh4+ Qh6 27. Qxd8+ Kh7 28. Rc1 Be2 29. Qg5 Rxc6 30. Qxh6+ Rxh6 31. Rfe1 Bb5 32. Re7 Rf6 33. g3 Rd6 34. Rd1 a5 35. b3 a4 36. Rxf7 axb3 37. axb3 Be2 38. Rd2 Bh5 39. Re7 Bg4 40. d5 b5 41. Kf2 1-0

[Event "KPZS-ch"]
[Site "Sepolno Kraj"]
[Date "2006.06.25"]
[Round "2"]
[White "Dahm, Mikolaj"]
[Black "Bokiej, Przemyslaw"]
[Result "0-1"]
[WhiteElo "2030"]
[BlackElo "1857"]
[PlyCount "102"]
[EventDate "2006.06.24"]
[EventType "swiss"]
[EventRounds "9"]
[EventCountry "POL"]
[SourceTitle "EXT 2007"]
[Source "ChessBase"]
[SourceDate "2006.11.23"]
[SourceVersion "1"]
[SourceVersionDate "2006.11.23"]
[SourceQuality "1"]

1. d4 e6 2. c4 b6 3. Nc3 Bb7 4. e4 Bb4 5. Qc2 Qh4 6. Bd3 f5 7. d5 fxe4 8. Bxe4 Nf6 9. Bf3 Qxc4 10. dxe6 Qxe6+ 11. Be3 Bxf3 12. Nxf3 Nd5 13. 0-0 Bxc3 14. bxc3 Nxe3 15. fxe3 Nc6 16. Nd4 Qxe3+ 17. Kh1 0-0-0 18. Qa4 Kb7 19. Rf3 Qe5 20. Rf7 Qd5 21. Rxg7 Rdg8 22. Rxg8 Rxg8 23. Nf3 Rg7 24. Rd1 Qc5 25. c4 Ne5 26. Nxe5 Qxe5 27. Qc2 h5 28. Rb1 h4 29. h3 Rg3 30. c5 Qd5 31. Kh2 Qe5 32. Kh1 Rg5 33. cxb6 axb6 34. a4 Qf4 35. Rd1 Rc5 36. Qb3 d5 37. Qa2 d4 38. Qb2 d3 39. Qd2 Qxd2 40. Rxd2 Rd5 41. g4 hxg3 42. Kg2 c5 43. Kxg3 c4 44. a5 c3 45. Rf2 d2 46. Rf7+ Ka6 47. axb6 Kxb6 48. Kh4 d1Q 49. Rf3 Qd4+ 50. Kg3 Rg5+ 51. Kh2 Qg1# 0-1